000 00596nam a2200169 4500
001 111387
003 ES-MaACL
005 20230906185307.0
007 t|
008 061121s1946 sp r ||||1| spa d
100 1 _aNájera Angulo, Luis.
_984870
245 1 0 _aNotas de entomología médica
_b: Dispositivo de trampa antichinchorro , aplicable a la lucha contra los organismos /
_cLuis Nájera Angulo.
260 _aMadrid :
_b[s.n.],
_c1946.
300 _a7 p. :
_bil ;
_c24 cm.
500 _aPub. Bol. Real Soc. Espa. de Historia Natural. T. XLIV.
852 _aES-MaACL
_j1870-F-24
_bR.23075
999 _c111387
_d111387